श्री छत्रपति शिवाजी महाराज यांचे चरित्र (Record no. 98246)

MARC details
000 -LEADER
fixed length control field 00877nam a2200181Ia 4500
008 - FIXED-LENGTH DATA ELEMENTS--GENERAL INFORMATION
fixed length control field 090124s9999 xx 000 0 und d
082 ## - DEWEY DECIMAL CLASSIFICATION NUMBER
Item number 12966
100 ## - MAIN ENTRY--PERSONAL NAME
Personal name कवडे पांडुरंग बाऴाजी
245 ## - TITLE STATEMENT
Title श्री छत्रपति शिवाजी महाराज यांचे चरित्र
250 ## - EDITION STATEMENT
Edition statement 1
260 ## - PUBLICATION, DISTRIBUTION, ETC. (IMPRINT)
Name of publisher, distributor, etc रंगनाथ त्र्यंबक रत्नपारखी
Date of publication, distribution, etc 1974
300 ## - PHYSICAL DESCRIPTION
Extent 208
600 ## - SUBJECT ADDED ENTRY--PERSONAL NAME
Personal name कवडे पांडुरंग बाऴाजी
630 ## - SUBJECT ADDED ENTRY--UNIFORM TITLE
Uniform title श्री छत्रपति शिवाजी महाराज यांचे चरित्र
700 ## - ADDED ENTRY--PERSONAL NAME
Personal name कवडे पांडुरंग बाऴाजी
730 ## - ADDED ENTRY--UNIFORM TITLE
Uniform title श्री छत्रपति शिवाजी महाराज यांचे चरित्र
942 ## - ADDED ENTRY ELEMENTS (KOHA)
Koha item type Book
Holdings
Withdrawn status Lost status Damaged status Not for loan Home library Current library Date acquired Cost, normal purchase price Total Checkouts Full call number Barcode Date last seen Cost, replacement price Price effective from Koha item type
        Nagar Wachan Mandir, Thane Nagar Wachan Mandir, Thane   8.00   12966 THNNWM-12966 01/24/2009 8.00 01/24/2009 Book